[Event "Moscow Aeroflot op-A"]
[Site "Moscow"]
[Date "2005.02.20"]
[Round "6"]
[White "Tregubov, Pavel V"]
[Black "Guseinov, Gadir"]
[Result "1-0"]
[WhiteElo "2629"]
[BlackElo "2574"]
[Annotator "Hazai,L"]
[PlyCount "45"]
[EventDate "2005.02.15"]
[EventType "swiss"]
[EventRounds "9"]
[EventCountry "RUS"]
[SourceTitle "CBM 106"]
[Source "ChessBase"]
[SourceDate "2005.06.06"]
[SourceVersion "1"]
[SourceVersionDate "2005.06.06"]
[SourceQuality "1"]

1. d4 Nf6 2. c4 g6 3. Nc3 Bg7 4. e4 d6 5. Nge2 O-O 6. Ng3 c5 (6... e5 {is the
real "King's Indian" reply.}) 7. d5 e6 8. Be2 exd5 9. exd5 (9. cxd5 {leads to
the Benoni, with level chances.}) 9... a6 (9... Na6 {/\ Nc7, b5 as in the
Benoni.} 10. O-O Nc7 11. a4 $5 {radically preventing Black from ...b5 is the
safe option.} (11. Bf4 Nfe8 {/\ f5 which is the main defensive setup in this
variation.} 12. Qd2 f5 13. Rfe1 {The N on g3 is badly placed.} Bf6 14. Bh6 Ng7
15. Bd3 Re8 16. a3 $5 $14 {/\ b4} (16. f4 {cuts off the h6 B from the retreat.}
Bd7 17. Bg5 Rxe1+ 18. Rxe1 Qf8 19. Bxf6 Qxf6 20. Nf1 Rb8 21. Qe2 Re8 {1/2-1/2
Prusikin-Madl, Rieden 1996}))) (9... h5 {/\ h4 or Nh7 and f5, but it doesn't
look very logical.} 10. Bg5 Qb6 11. Qd2 Nh7 12. Bf4 f5 $5 13. h4 {Now >< g5
becomes weak.} Nd7 14. Nf1 $5 {heading towards f3 and g5.} (14. Rb1 Ne5 15. Nf1
Bd7 16. Ne3 Rae8 17. Kf1 $5 {Knaak} (17. O-O $2 {seriously weakens >< h4.} Qd8
$40 18. g3 g5 19. hxg5 Nxg5 20. Kg2 Ng6 21. Bxh5 Ne4 22. Nxe4 Nxf4+ 23. gxf4
Rxe4 $15 {Rechmann-Kovalev, Porz 1990 CBM 21})) 14... Re8 15. Qc2 (15. Nh2 Nhf6
{/\ Ne4}) 15... Nhf6 16. Nd2 $14) (9... Ne8 {/\ f5} 10. h4 {This aggressive
continuation is the critical plan.} (10. O-O f5 (10... Nd7 {- 9...Nbd7})) (10.
Bf4 f5 {There is no need to hurry with this move.} (10... Nd7 $5) 11. Qd2 Nd7
12. Bh6 Ne5 13. Bxg7 (13. h4 Qe7 14. Bxg7 (14. O-O-O $143 Bxh6 15. Qxh6 f4 {
and the Q is in trouble.} 16. Nge4 Rf5 17. Ng5 Nf6 18. Rhe1 Kh8 19. Nb5 Bd7 20.
Nxd6 Qxd6 21. g4 Rxg5 22. hxg5 Nh5 23. Rh1 Nf7 $19 {T.Nielsen-Marin, Sitges
1993}) 14... Kxg7 15. h5 {looks better.}) 13... Nxg7 14. f4 Nd7 15. O-O Nf6 16.
a3 Bd7 17. Rab1 b6 18. b4 Qc7 {Black's position is a tough nut to crack.} 19.
Bd3 Rae8 20. Rfe1 $5 (20. h3 Re7 21. Rfe1 Rfe8 $11 {L.Szabo-Ciocaltea, Hamburg
1965})) 10... f5 (10... h5 11. Bg5 {provoking some more weaknesses.} f6 12. Bf4
Nd7 13. Qc2 $14 (13. Nge4 Qe7 14. Qd2 Ne5 15. O-O-O a6 {Now Black gets good
counterchances on the <<.} 16. Rde1 Bd7 17. Kb1 Nc7 (17... f5 $5 18. Ng5 b5 $5
{looks really aggressive.}) 18. Nxc5 dxc5 19. d6 Bf5+ 20. Ka1 Qd7 21. dxc7 Qxc7
22. Nd5 Qd6 23. f3 b5 $13 {Remlinger-Formanek, Philadelphia 1992})) 11. h5 Nd7
12. hxg6 hxg6 13. Bh6 Bxh6 14. Rxh6 Qg5 15. Qd2 Qxd2+ 16. Kxd2 Kg7 {The _|_
cannot be frightening for Black.} 17. Rah1 Ndf6 18. R6h2 Bd7 19. a3 Nc7 20. b4
Rh8 21. Rxh8 Rxh8 22. Rb1 b6 23. f4 $11 {Topalov-Danailov, Candas 1992}) (9...
Nfd7 10. h4 $5 (10. O-O f5 11. Bf4 (11. f4 Bxc3 $1 12. bxc3 {Here White's ^^
has no perspectives, the c3 P is even a hindering piece.} Nf6 13. h3 Nbd7 14.
Bd3 Qa5 15. Bd2 Nb6 16. Re1 (16. Qb3 $2 {runs into} Nfxd5 17. cxd5 c4 18. Bxc4
Qc5+ 19. Kh2 Qxc4 20. Be3 Qxb3 21. axb3 Nxd5 22. Bd4 b6 $15 {Hoffman-Barria,
Cordoba 1998}) 16... Bd7 $13)) 10... Re8 {- 9...Re8}) (9... Re8 {It looks
logical to take the only opened e file, but the Ne8, f5 plan doesn't work
anymore.} 10. O-O (10. h4 h5 (10... Nfd7 11. h5 Ne5 $5 (11... f5 12. hxg6 hxg6
13. Bh6 {The exchange of the fianchettoed B helps for the ->.} Ne5 14. Qd2 Nf7
15. Bxg7 Kxg7 16. O-O-O Nd7 17. f4 a6 18. Rh3 $5 {/\ Rdh1} (18. Rde1 Nf6 19.
Nd1 Rh8 20. Rxh8 Qxh8 21. Rh1 Qd8 22. Bf3 b5 $132 {L.Szabo-Kavalek, Lugano 1970
})) 12. hxg6 hxg6 13. Be3 Nbd7) 11. Bg5 Qb6 $5 (11... Nbd7 12. O-O)) 10... Nbd7
(10... a6 11. Bf4 (11. a4 $5 {doesn't give any chances for ...b5.}) 11... Qc7
12. Qd2 Nbd7 13. a4 (13. Rfe1 Ne5 14. Bf1 Bd7 15. Bg5 Kh8 {/\ Ng8, f5} 16. Nge4
Ng8 17. Bf4 h6 18. Ng3 f5 19. Qc2 Qd8 20. Bxe5 $6 {giving up the ^^ cannot be
a good strategy.} Bxe5 $15 {Kumaran-Arakhamia, Oakham 1990})) (10... h5 11. Bg5
Qb6 12. Qd2 Nbd7 (12... Nh7 {Forintos} 13. Bf4 (13. Bxh5 $6 {is not correct
here.} gxh5 14. Nxh5 Bf5 $1 $13) 13... h4 {This only improves the bad N's
position.} 14. Nge4) 13. a4 $1 {/\ a5, Nb5} a6 14. Rfe1 Qc7 (14... Nf8 $6 {
allows the devastating -> after} 15. Bxf6 $1 Bxf6 16. Bxh5 $3 $16 {
Forintos-Kindermann, Budapest 1986 41/657})) 11. Bf4 (11. f4 $5 {and Black has
no ...f5 answer.}) 11... Ne5 12. Qd2 a6 13. Bg5 (13. Bh6 Bxh6 (13... Bh8 $5 {
keeping the B on the long /^ deserved attention.}) 14. Qxh6 Nfg4 15. Qf4 f5 16.
h3 Nf6 17. Qd2 Bd7 18. f4 Nf7 19. a4 (19. Bd3 {allows} b5 $1 20. cxb5 Qb6 21.
Qf2 axb5 $36 {Aseem-Gufeld, Chicago 1989}) 19... Qa5 $11) (13. a4 Qa5 14. Rfe1
Bd7 $5 (14... Bg4 {This plan looks rather sophysticated.} 15. Bf1 Nh5 16. Nxh5
Bxh5 17. Ne4 Qd8 18. h3 {and the B is more or less trapped.} f6 {
(Serper-Fishbein, New York 1996)} 19. Ng3 $16)) 13... Qb6 (13... Bf5 $6 {
looks rather dubious.} 14. f4 Ned7 15. Nxf5 gxf5 {>< f5 is very weak.} 16. Bd3
Nb6 17. Rf3 Qc7 18. Bxf6 Bxf6 19. b3 Bd4+ 20. Kh1 Qd7 21. Raf1 Nc8 22. Ne2 Bf6
23. Ng3 Ne7 24. Qc2 {and finally >< f5 falls.} b5 25. Bxf5 $16 {Hort-Arakhamia,
Monaco 1994}) (13... Qc7 14. a4 Bd7 (14... h5 $6 15. f4 $1 Neg4 16. f5 $40 {
This is one of the main attacking ideas for White. Therefore f4 has to be
answered by f5 in most of the cases.} Nh7 17. Bxg4 $1 hxg4 (17... Nxg5 $2 {
Serper} 18. Qxg5 (18. Bxh5 $2 Bh6) 18... hxg4 19. fxg6 $18) (17... Bd4+ {Serper
} 18. Kh1 hxg4 19. fxg6 fxg6 20. Nce4 $16) 18. f6 $1 Bh8 (18... Bf8 $2 19. Bh6
$18) 19. Nce4 {Now White has an irresistable ->.} Bf5 20. Nxf5 Rxe4 (20... gxf5
$2 21. Ng3 $18) 21. Ne7+ Kf8 22. Bh6+ Ke8 23. Bg7 $3 $18 {Serper-Kotronias,
Gausdal 53/577 1991})) 14. a4 (14. Rfe1 $5) 14... Qb4 15. Rfe1 Bf5 16. Nxf5
gxf5 17. Qc2 Nxc4 18. Bxf6 (18. Na2 Qxb2 19. Qxc4 b5 20. Qd3 c4 {and Black has
good tactical counterchances.}) 18... Bxf6 19. Qxf5 Bg7 20. Bxc4 Qxc4 $132 {
Black's fianchettoed B is very effective, Serper-Van Wely, Krumbacher 1991.}) (
9... Nbd7 10. Bf4 (10. O-O Ne8 (10... Ne5 $143 {only runs into f2-f4.} 11. h3
Ne8 12. f4 Nd7 13. f5 {White gives up the vital e5 square, but gets a lot of
space and chances for a >> ->.} Qe7 14. Bf4 Ne5 15. Qd2 gxf5 16. Nh5 $1 $14 (
16. Bg5 Bf6 17. Bxf6 Qxf6 18. Nh5 Qg6 19. Qf4 Ng7 20. Nxg7 Kxg7 21. a4 Qh6 22.
Qxh6+ Kxh6 {The _|_ is already a big relief for Black.} 23. Nb5 Rd8 24. Ra3 a6
25. Nc3 Kg7 26. a5 $44 {Zueger-Barlov, Lugano 1988})) (10... Re8 {- 9...Re8})
11. f4 (11. Bf4 h6 (11... f5 12. Qd2 Ne5 13. Rfe1 Nf7 14. Be3 Nf6 15. h3 Bd7
16. f4 Re8 {Black's defensive wall is very hard to break.} 17. Bd3 a6 18. a4 {
/\ a5} (18. a3 $5 Qc7 19. b4) 18... Qa5 19. Qc2 Re7 20. Bd2 Rae8 $11 {
Nedobora-Strikovic, Candas 1992}) 12. Qd2 Kh7 13. Rae1 f5 14. Be3 (14. Bd3 {
runs into} Ne5 15. Nge2 g5 16. Be3 Nf6 17. f4 Nxd3 18. Qxd3 Ng4 19. Bd2 gxf4
20. Rxf4 Ne5 21. Qc2 Ng6 22. Rf2 Bd7 23. Ref1 Qh4 24. Nd1 Rae8 $13 {Ker-Grivas,
Novi Sad 1990})) (11. Bd2 f5 (11... Qh4 12. Qc1 (12. Nge4 h6 13. g3 Qe7 14. f4
f5 15. Nf2 Nc7 16. a4 b6 17. Qc2 Nf6 18. Rae1 a6 19. g4 Qf7 20. Bd3 Nh7 21. Re3
Bd7 22. Rg3 Kh8 23. Ncd1 b5 24. b3 bxa4 25. bxa4 Rab8 26. Kh1 Nf6 27. Rfg1 Nxg4
28. Nxg4 fxg4 29. Bxg6 Qf6 $13 {Hoffman-Mohr, Elista 1998}) 12... h6 13. Nh1 {
/\ Nf2, because the N on g3 looks terrible.} Ne5 14. g3 Qh3 15. f3 h5 16. Nf2
Qd7 {(Navarovszky-Saidy, Reggio Emilia 1967)} 17. h3 $14) 12. Qc1 Ne5 13. h3
Nc7 (13... Bd7 {looks more flexible, because the N may go to f6 as well.}) 14.
Re1 Qf6 15. Bg5 (15. f4 $4 {is serious blunder in view of} Nxc4 $1 16. Nb5 Nxb5
17. Bxc4 Nd4 $19 {Barkhagen-Degraeve, Hilversum 1993})) 11... f5 $1 12. Bd2 (
12. Bd3 Ndf6 13. h3 Nc7 14. Qf3 a6 15. a4 Rb8 16. Bd2 Bd7 17. a5 b5 18. axb6
Rxb6 19. Nd1 Re8 {It is not easy for White to find a breakthrough.} 20. Bc3 h5
21. Nf2 h4 22. Ne2 Nh5 23. g4 hxg3 24. Nxg3 Bxc3 25. bxc3 Nxg3 26. Qxg3 Qf6 27.
Ra2 Kf7 $13 {Soos-Tringov, Titovo Uzice 1966}) 12... Nc7 13. Rb1 (13. Qc2 Rb8
14. Rab1 a6 15. a3 b5 16. b4 {If the pawns on the << will be eliminated, >< d5
may become a target.} cxb4 17. axb4 bxc4 18. Bxc4 Nb5 19. Nxb5 axb5 20. Be2 Bb7
21. Qd3 Nb6 22. Qxb5 Bxd5 23. Qd3 Re8 24. Rfe1 Qf6 25. Be3 Ba2 26. Rbd1 Nd5 $17
{Fokin-Glyanets, Cheliabinsk 1990}) 13... Nf6 14. h3 Kh8 15. a4 a5 {Black
wants to close the entire position.} 16. Bd3 Na6 17. Qf3 Nb4 18. Rbd1 Nxd3 19.
Qxd3 Bd7 20. Nb5 Bxb5 21. cxb5 Re8 22. Bc3 Qd7 23. b3 {1/2-1/2
Ciocaltea-Tringov, Havana 1965}) (10. Be3 a6 11. a4 {Now 0-0-0 is not a real
threat.} Ne8 $5 {seems to be more flexible.} (11... Re8 $5) (11... b6 12. Qd2
Re8 13. O-O Ra7 {This plan looks a bit slowish.} 14. h3 Qe7 15. Rfe1 Qf8 16.
Kh1 h5 17. f4 Bh6 18. Bf3 Nh7 19. Nge4 f5 20. Nf2 Nb8 (20... Bg7) 21. Nd3 Nf6
22. Bf2 Rae7 23. Bh4 Rxe1+ 24. Rxe1 Rxe1+ 25. Qxe1 Kf7 26. a5 $14 {
Forintos-Sapi, Budapest 1976})) 10... Ne8 $5 (10... Ne5 11. O-O Re8 {- 9...Re8}
(11... h5 12. Bg5 Qb6 13. Qb3 Qxb3 (13... Qc7 14. f4 Neg4 15. h3 Nh6 16. Bd3
Nh7 17. Rae1 (17. Nb5 $5 Qd7 18. Bxh6 Bxh6 19. Ne4) 17... Nxg5 18. fxg5 h4 19.
Nb5 Bd4+ 20. Nxd4 cxd4 $14 {Flear-Van Wely, Mondorf 1991}) 14. axb3 Bd7))) 10.
Bf4 (10. a4 Nbd7 11. O-O Ne8 (11... Re8 {is again strongly met by} 12. f4 {
and there is no ...f5.} (12. Bf4) 12... Kh8 13. Bd3 {1/2-1/2 Zueger-Danner,
Prague 1989} (13. f5 $5)) 12. f4 (12. Kh1 $6 {is rather useless.} f5 13. f4 b6
14. Qc2 Nc7 15. b3 Qh4 16. Bd2 Bb7 17. Bf3 {Ribshtein} (17. a5 $2 {simply
encourages} b5 $1 $15 {Rabinovich-Ribshtein, Israel chT 1999}) 17... Rfe8 $11)
12... f5 (12... Bxc3 $5 13. bxc3 f5 14. a5 Nef6) 13. Ra3 Rb8 14. Kh1 Kh8 15.
Bd2 Nef6 16. Bf3 Ng8 17. a5 b5 18. axb6 Nxb6 19. b3 Re8 20. Re1 Rxe1+ 21. Bxe1
Nd7 22. Nce2 h6 23. Qc2 Ndf6 24. h3 $14 {Hort-Weber, Austria chT 1998}) 10...
b5 $6 {This Benko Gambit type of P sacrifice is premature.} ({The standard} 
10... Ne8 11. a4 Nd7 {was safe.}) 11. cxb5 axb5 (11... Re8 12. O-O) 12. Bxb5
Ba6 13. O-O Bxb5 (13... Qb6 14. a4) 14. Nxb5 Ra6 15. a4 {In comparision to the
Benko Gambit here Q d6 is rather vulnerable.} Ne8 16. Qd2 (16. Ne4 h6 17. Qe2
f5 18. Nec3 Kh7) 16... Nc7 $2 {Now >< d6 becomes a target.} (16... Nd7) 17. Ne4
$18 {and Black collapses soon.} Nxb5 18. axb5 Rb6 (18... Rxa1 19. Rxa1 f5 20.
Ng5 $18) 19. Ra7 Re8 20. Bg5 Qc8 (20... f6 21. Rxg7+ $1 Kxg7 22. Bxf6+ Qxf6 23.
Nxf6 Kxf6 24. Re1 $18) 21. Nf6+ Bxf6 22. Bxf6 Qf5 23. Qa5 1-0

[Event "EU-chT (Men) 15th"]
[Site "Gothenburg"]
[Date "2005.08.07"]
[Round "9.2"]
[White "Sokolov, Ivan"]
[Black "Socko, Bartosz"]
[Result "1-0"]
[WhiteElo "2691"]
[BlackElo "2615"]
[Annotator "Hazai,L"]
[PlyCount "103"]
[EventDate "2005.07.30"]
[EventType "team-swiss"]
[EventRounds "9"]
[EventCountry "SWE"]
[SourceTitle "CBM 109"]
[Source "ChessBase"]
[SourceDate "2005.11.14"]
[SourceVersion "1"]
[SourceVersionDate "2005.11.14"]
[SourceQuality "1"]
[WhiteTeam "Netherlands"]
[BlackTeam "Poland"]
[WhiteTeamCountry "NED"]
[BlackTeamCountry "POL"]

1. d4 Nf6 2. c4 g6 3. Nc3 Bg7 4. e4 d6 5. Bd3 O-O 6. Nge2 Nc6 7. O-O e5 (7...
Nh5 {is the popular variation these days.}) 8. d5 Nd4 9. Rb1 {is a rare bird
in nowaday's tournament practice. White prepares b2-b4.} (9. Bg5) (9. Nxd4 exd4
10. Ne2) 9... c5 10. dxc6 bxc6 11. b4 {This the main idea of 9.Rb1.} (11. Bg5
h6 $5 (11... Qc7 {doesn't look very healthy.} 12. b4 $14 {is simple and
logical.} (12. Qd2 a5 (12... Re8 {allows} 13. b4 Be6 14. Rfc1 $14 {
Polovnikova-Lahno, Elista 2004}) 13. Nxd4 exd4 14. Ne2 Re8 15. f3 Nd7)) 12. Bh4
a5 {fighting against b4.}) 11... d5 {This is the active continuation, Black
radically wants to solve the problem of the [+].} (11... Be6 12. Nxd4 exd4 13.
Ne2 c5 (13... Nd7 14. b5 $14) 14. b5 Ng4 $5 (14... Re8 15. Bg5 h6 16. Bh4 Qc7
17. h3 Nd7 18. f4 {White has a flexible P structure, the o^ d4 is
well-blockaded.} Nb6 19. Qc2 f5 20. Ng3 $14 {Aleksandrov-Socko, Warsaw 2004}))
12. cxd5 (12. Bg5 Nxe2+ (12... dxc4 13. Bxc4 $14) 13. Qxe2 d4 14. Na4 $14 {
with a very good blockading position, >< c5.}) 12... cxd5 13. Bg5 dxe4 (13...
Nxe2+ 14. Qxe2 d4 15. Na4 $14 {and the blockade is again successful on d3.}) (
13... Bb7 {deserved attention.} 14. exd5 Bxd5 15. Nxd4 exd4 16. Nxd5 Qxd5 17.
Bxf6 Bxf6 {and due to the ^- Black has good drawing chances.}) 14. Nxe4 Bb7 (
14... Ne6 15. Bxf6 Bxf6 16. Bc4 Bg7 $14 {was also a possibility.} (16... Be7
$14)) 15. Nxd4 exd4 16. Rc1 {This is not so necessary, because after Nc5 the R
is not doing much on the c <->.} (16. Qf3 Bxe4 17. Bxe4 Rc8 18. Rfc1 (18. Bc6
h6 19. Bd2 Ng4 $132)) (16. Re1 $5 Qb6 17. Nc5 $14) 16... Qb6 $6 (16... Rb8 $1
17. a3 Bxe4 18. Bxe4 h6 $11 {and soon the ^- will cause serious problems for
White finding a real advantage.}) 17. Nc5 Rfe8 (17... Bd5) 18. a4 (18. Nxb7
Qxb7 19. a3) 18... Nd5 $6 {Now White gets a real advantage because of the pin
on the h1-a8 /^.} (18... Ne4 19. Nxb7 Qxb7 (19... Nxg5 20. Nc5) 20. Qf3 Qd5 21.
h4 $14 {was the persistant defence for Black.}) 19. Nxb7 (19. Bc4 $5 {was a
serious alternative to attack >< f7.} Bc6 (19... Nc3 $2 20. Rxc3 $1 dxc3 21.
Qd7 $16) (19... Nxb4 $6 20. Qb3 $36) 20. Qb3 $36) 19... Qxb7 20. Qf3 Rab8 21.
Be4 Rxe4 {This exchange sacrifice is more or less forced.} 22. Qxe4 Nc3 23.
Qxb7 Rxb7 24. Rfe1 h6 25. Bd2 Rxb4 26. Re8+ Kh7 27. Re7 Kg8 $2 (27... Rxa4 28.
Bxc3 dxc3 29. Rxf7 Kg8 {gave some practical chances.}) 28. Rxa7 Rxa4 {This
loses without chances.} (28... Rb2 $1 {was better, but the position is already
lost.} 29. Bxc3 dxc3 30. Ra8+ Kh7 31. a5 $18) 29. Rxa4 $18 {The rest is
technique.} Nxa4 30. Rc8+ Kh7 31. Rc6 Nc3 32. f3 Nd5 33. Kf2 Nf6 34. Rd6 h5 35.
Ke2 Bh8 36. Rxd4 Ng4 37. Rd7 Ne5 38. Rc7 Bf6 39. Bc3 Kg7 40. Ke3 Nd7 41. Bxf6+
Nxf6 42. Kd4 Ne8 43. Rd7 Nf6 44. Rb7 Ng8 45. Ke5 Nf6 46. g3 Ng8 47. h3 Nf6 48.
f4 Ng8 49. f5 g5 50. Rb6 Kh7 51. Rb8 Ne7 52. Ke4 1-0

[Event "EU-Cup 21st"]
[Site "Saint Vincent"]
[Date "2005.09.19"]
[Round "2.1"]
[White "Dreev, Alexey"]
[Black "Mamedov, Rauf"]
[Result "1-0"]
[WhiteElo "2698"]
[BlackElo "2521"]
[Annotator "Hazai,L"]
[PlyCount "44"]
[EventDate "2005.09.18"]
[EventType "team-swiss"]
[EventRounds "7"]
[EventCountry "ITA"]
[SourceTitle "CBM 110"]
[Source "ChessBase"]
[SourceDate "2006.01.31"]
[SourceVersion "1"]
[SourceVersionDate "2006.01.31"]
[SourceQuality "1"]
[WhiteTeam "Cheliabinsk"]
[BlackTeam "Istanbul"]
[WhiteTeamCountry "RUS"]
[BlackTeamCountry "TUR"]

1. d4 Nf6 2. c4 g6 3. Nc3 Bg7 4. e4 d6 5. Bd3 O-O 6. Nge2 Nbd7 7. Bc2 (7. Ng3 {
- Pinter-Kr.Georgiev, Heraklio 1997 CBM 62}) (7. O-O {- Baron Isanta-Ubilava,
Terres Catalanes 1996 CBM 56}) 7... e5 $6 {If Black wants to play the setup
with e5, Nc5 and a6, it is better to begin with 6...Na6 7.0-0 e5 8.d5 Nc5 9.
Bc2 a5, because at least White has castled >>, see Aronian-Miroshnichenko, BL
2005 CBM 110.} (7... a6 $1 {- I.Sokolov-Visser, Leeuwarden 2004 CBM 102}) 8. d5
h6 $2 {Black has no time for moves like that.} (8... a5 9. f3 (9. h3 {White is
not hurrying with castles >>, he can stay in the middle or play 0-0-0 later.}
Nc5 10. Bg5 {provoking} h6 11. Be3 Bd7 12. Qd2 (12. g4 {is usually met by} h5 {
creating some tension on the >>.} 13. f3 (13. Bg5 hxg4 14. hxg4 Bxg4 {doesn't
seem to be completely correct.}) 13... Nh7 $132) 12... Kh7 13. g4 (13. O-O-O $5
{/\ g4 looks more flexible.}) 13... Ng8 14. O-O-O (14. Ng3 Bf6 {/\ Bg5
blockading the dark squares and bringing back the passive B into fight.} 15.
O-O-O Bg5 16. Nf1 Kg7 $13 {Hauchard-Ferreira, Porto 2000}) 14... Bf6 15. Kb1 {
White is preparing against} Bg5 {and now the critical is} 16. f4 {opening up
the positions, the black knights are far from >< e5.} exf4 17. Nxf4 $36) 9...
Nc5 (9... Nh5 10. O-O Nc5 11. Be3 {This is a good Samish type of position for
White, this is one of the main idea of the 5.Bd3, 6.Nge2 system.} f5 12. exf5
gxf5 13. f4 {is the typical reaction in the [+] to stop Black's further
advance on the >>.} e4 (13... Nf6 $6 {neglecting the complete fall of the [+].}
14. Bxc5 dxc5 15. fxe5 Ng4 16. e6 Qh4 17. h3 Ne3 18. Qd3 Nxf1 (18... Bh6 19.
Rf3 $18 Nxc4 20. g3 Qh5 21. g4 {1-0 Matamoros-Gonzalez Custodio, Ceuta 1995})
19. Rxf1 $16 {and the positional exchange sacrifice look strong.}) 14. Qd2 $14)
10. Bg5 Bd7 11. Qd2 a4 12. O-O-O Qe8 {Black's play on the << is not so
dangerous.} 13. g4 b5 14. cxb5 Bxb5 15. Ng3 $16 {Matamoros-Solomon, Moscow olm
1994}) (8... Nb6 9. b3 {Now the long /^ is weakened, White has to play
carefully.} Nh5 10. O-O (10. Be3 f5 (10... Nf4 11. O-O Qg5 12. g3 Bh3 13. Re1
$14) 11. exf5 (11. f3 Nf4 (11... f4 12. Bf2 Bf6 {/\ Bh4}) 12. O-O Nxe2+ 13.
Qxe2 f4 14. Bf2 Nd7 {Black has attacking chances on the >>, White usually
doesn't allow this in the 5.Bd3 variation.} 15. b4 g5 16. c5 Nf6 $132 {
Peric-Arsovic, Vrnjacka Banja 1996}) 11... gxf5 {and White has no f4 answer!}
12. Ng3 Nf4 13. O-O Ng6) 10... Nf4 (10... f5 11. exf5 gxf5 12. f4 Nxf4 13. Nxf4
exf4 14. Rf3 $14 {and White has to blockade the vital f4 square.}) 11. Rb1 $14
{The N on b6 looks rather stupid.}) 9. O-O Nh5 10. Be3 Ndf6 $6 {Black's
manoeuvre is not easy to understand.} (10... f5 11. exf5 gxf5 12. f4 $16) 11.
f3 g5 $6 {continuing the wrong plan.} 12. Qd2 (12. c5 Nf4 13. Ng3 $16) 12...
Nf4 13. Ng3 N6h5 (13... h5 14. Rad1 {/\ c5} h4 15. Nf5 Bxf5 16. exf5 $16 {
Black has no -> on the >>, his B is bad, the lights squares are very weak,
White has a big space advantage, ^^, etc.}) 14. Nf5 $1 Ng6 (14... Bxf5 15. exf5
Nf6 16. g3 $16 {and the N has to leave his stronghold.}) 15. g3 $1 Ne7 16. Nxg7
$1 {White prepares already the final -> on the >>.} Kxg7 (16... Nxg7 17. f4 $16
) 17. Kh1 f5 18. f4 $1 {opening up the position for the ^^.} exf4 19. Bd4+ {
The B on the long /^ will decide the battle.} Kg8 20. gxf4 $18 Ng6 21. fxg5 f4
22. Bd1 f3 1-0